Diseño de alcantarillado sanitario y dimensionamiento del sistema de tratamiento de aguas residuales en Praderas – Pantasma, municipio del departamento de Jinotega
Presenta el diseño de alcantarillado sanitario y dimensionamiento del sistema de tratamiento de aguas residuales en Praderas – Pantasma, municipio del departamento de Jinotega el cual se elaboró mediante la realización de un levantamiento topográfico del casco urbano para definir el curos de las...
| Main Author: | |
|---|---|
| Other Authors: | |
| Format: | Tesis Section = Libro |
| Language: | Undetermined Spanish |
| Published: |
Managua
UNI
2010
|
| Subjects: |
| LEADER | 01211nam a2200265Ia 4500 | ||
|---|---|---|---|
| 008 | 240830s9999 xx 000 0 und d | ||
| 040 | |a BIBLIOTECA-RUPAP Mon 628.2 C227 | ||
| 041 | |a spa | ||
| 082 | |a Mon 628.2 C227 | ||
| 100 | 1 | |a Cano Gutiérrez, Luis Enrique | |
| 245 | 1 | 0 | |a Diseño de alcantarillado sanitario y dimensionamiento del sistema de tratamiento de aguas residuales en Praderas – Pantasma, municipio del departamento de Jinotega |
| 260 | |a Managua |b UNI |c 2010 | ||
| 300 | |a 163 p. :il. | ||
| 500 | |a Contiene: anexos. | ||
| 502 | |a Tesis (Ingeniero Civil)- UNI, 2010. | ||
| 520 | 3 | |a Presenta el diseño de alcantarillado sanitario y dimensionamiento del sistema de tratamiento de aguas residuales en Praderas – Pantasma, municipio del departamento de Jinotega el cual se elaboró mediante la realización de un levantamiento topográfico del casco urbano para definir el curos de las aguas residuales. | |
| 650 | 7 | |a ALCANTARILLADO SANITARIO | |
| 650 | 7 | |b INGENIERIA SANITARIA | |
| 650 | 7 | |c TRATAMIENTO DE AGUAS RESIDUALES | |
| 650 | 7 | |d AGUAS RESIDUALES | |
| 650 | 7 | |e BIOFILTROS | |
| 700 | 1 | |a Tutor: |b Baldizón Aguilar, María Elena | |
| 942 | |c BK |2 ddc | ||
| 991 | |a TESIS | ||
| 999 | |c 16301 | ||